000
00227nam a2200097Ia 4500
005
20251222114347.0
008
251222s1900||||xx |||||||||||||| ||spa||
082
_a
DVD0070/E34/1975
245
0
_a
El Acorazado Potemkin:
942
_c
DVD
999
_c
1092
_d
1092